|
|
|
|
| LEADER |
02738nam a2200565 4500 |
| 001 |
ocn893684588 |
| 003 |
OCoLC |
| 005 |
20180501122022.0 |
| 006 |
m o d |
| 007 |
cr cn||||||||| |
| 008 |
141017t20142014enk ob 001 0 eng d |
| 040 |
|
|
|a E7B
|b eng
|e rda
|e pn
|c E7B
|d OCLCO
|d N$T
|d UIU
|d OCLCF
|d YDXCP
|d UKMGB
|d EBLCP
|d OHS
|d IDEBK
|d CDX
|d DEBSZ
|d OCLCQ
|d DEBBG
|d OCLCO
|d OCLCA
|d GrThAP
|
| 016 |
7 |
|
|a 016773945
|2 Uk
|
| 019 |
|
|
|a 890530120
|a 894930742
|
| 020 |
|
|
|a 9780128007914
|q (electronic bk.)
|
| 020 |
|
|
|a 0128007915
|q (electronic bk.)
|
| 020 |
|
|
|a 9780124202474
|
| 020 |
|
|
|a 0124202470
|
| 035 |
|
|
|a (OCoLC)893684588
|z (OCoLC)890530120
|z (OCoLC)894930742
|
| 050 |
|
4 |
|a QP379
|b .C474 2014eb
|
| 072 |
|
7 |
|a MED
|x 075000
|2 bisacsh
|
| 072 |
|
7 |
|a SCI
|x 036000
|2 bisacsh
|
| 082 |
0 |
4 |
|a 612.8
|2 23
|
| 049 |
|
|
|a TEFA
|
| 245 |
0 |
0 |
|a Cerebellar conditioning and learning /
|c edited by Michael D. Mauk ; contributors John H. Freeman, [and seven others].
|
| 264 |
|
1 |
|a London [England] :
|b Academic Press,
|c 2014.
|
| 264 |
|
4 |
|c ©2014
|
| 300 |
|
|
|a 1 online resource (126 pages).
|
| 336 |
|
|
|a text
|b txt
|2 rdacontent
|
| 337 |
|
|
|a computer
|b c
|2 rdamedia
|
| 338 |
|
|
|a online resource
|b cr
|2 rdacarrier
|
| 490 |
1 |
|
|a International Review of Neurobiology,
|x 0074-7742 ;
|v Volume 117
|
| 504 |
|
|
|a Includes bibliographical references at the end of each chapters and index.
|
| 588 |
0 |
|
|a Online resource; title from PDF title page (ebrary, viewed October 17, 2014).
|
| 505 |
0 |
|
|a Learning-induced structural plasticity in the cerebellum -- Cerebellar mechanisms of learning and plasticity revealed by delay eyelid conditioning -- Cerebellar long-term potentiation: cellular mechanisms and role in learning -- The ontogeny of associative cerebellar learning.
|
| 650 |
|
0 |
|a Cerebellum.
|
| 650 |
|
0 |
|a Electrophysiology.
|
| 650 |
|
2 |
|a Learning
|x physiology.
|0 (DNLM)D007858Q000502
|
| 650 |
|
2 |
|a Cerebellum
|x physiology.
|0 (DNLM)D002531Q000502
|
| 650 |
|
2 |
|a Neuronal Plasticity
|x physiology.
|0 (DNLM)D009473Q000502
|
| 650 |
|
7 |
|a MEDICAL
|x Physiology.
|2 bisacsh
|
| 650 |
|
7 |
|a SCIENCE
|x Life Sciences
|x Human Anatomy & Physiology.
|2 bisacsh
|
| 650 |
|
7 |
|a Cerebellum.
|2 fast
|0 (OCoLC)fst00851256
|
| 650 |
|
7 |
|a Electrophysiology.
|2 fast
|0 (OCoLC)fst00907701
|
| 655 |
|
4 |
|a Electronic books.
|
| 700 |
1 |
|
|a Mauk, Michael D.,
|e editor.
|
| 700 |
1 |
|
|a Freeman, John H.,
|e contributor.
|
| 776 |
0 |
8 |
|i Print version:
|t Cerebellar conditioning and learning.
|d London, [England] : Academic Press, ©2014
|h vii, 117 pages
|k International review of neurobiology ; Volume 117
|x 0074-7742
|z 9780124202474
|
| 830 |
|
0 |
|a International review of neurobiology ;
|v Volume 117.
|
| 856 |
4 |
0 |
|u https://www.sciencedirect.com/science/bookseries/00747742/117
|z Full Text via HEAL-Link
|